=LDR 00000nam 2200000 4500 =001 INLIS000000000036000 =005 20130612141818 =008 ***********************************Ind** =035 ##$$a0010-061300000036000 =041 ##$$a Ind =082 ##$$a 650.1 =090 ##$$a 650.1, Lin p =100 ##$$a Linneman,Robert =245 ##$$a Progres, jalan sukses bisnis abad ini, Robert Linneman =260 ##$$a 2003 $b Jakarta =300 ##$$a 110 hlm, ilus, 23 cm =850 ##$$a NBPNMAT =990 ##$$a 21400613/BPAP-NTB/20142014